Statistiques concernant Pays avec le plus bas taux de natalité

Cliquez ici pour prendre le quiz!

Statistiques générales

  • Ce quiz a été pris 123 fois
  • Le résultat moyen est 4 sur 10

Statistiques - réponses

Taux de natalité (‰)Pays% Correct
0,00Vatican
78%
8,10Japon
74%
8,20Allemagne
62%
8,54Italie
52%
8,45Andorre
44%
8,69Autriche
37%
8,67Ukraine
31%
8,87Lituanie
24%
8,96République Tchèque
17%
8,80Bosnie-Herzégovine
9%

Distribution des résultats

Percentile par nombre de réponses

% des personnes avec chaque résultat

Votre développement - résultats

Vous n’avez pas pris ce quiz